000 00822nam a2200241Ia 4500
003 OSt
005 20220923224507.0
006 a|||||r|||| 00| 0
007 ta
008 220922b |||||||| |||| 00| 0 hin d
024 _a236,952
037 _cTextual
040 _aARTS
_cARTS
_bhin
041 _2hin
_ahin
082 _aV2yN39, 152P8
100 _aपाल, शंकर लाल, पुष्प
_9168032
245 0 _aअनूठा व्यक्तित्व
_b डॉ रामकरण पाल
246 _aAnūṭhā vyaktitva: ḍaॉ. Rāmakaraṇ pāla
260 _aपटना
_b पाल प्रकाशन
_c2008
300 _a107पृ.
_ccm.
942 _hV2yN39, 152P8
_cTEXL
_2CC
999 _c371815
_d371815